000 01551nam a2200205 a 4500
001 15232
003 CO-ViMGA
008 141112s2004 ck r 000 u spa d
020 _a9589400337
040 _aCO-ViMGA
_bspa
_cCO-ViMGA
082 0 4 _a616.2 C416n
100 1 _aChaparro Mutis, Cecilia; Awad Garcia, Carlos Enrique; Torres Duque, Carlos Arturo
_922111
245 1 0 _aNeumología
260 _aMedellín Cib,
_c2001
300 _a638.p.
490 _aFundamentos de Medicina
505 _aAparato respiratorio Fisiología respiratoria Mecanismos de defensa del aparato respiratorio Enfermedad respiratoria Neumonias Tuberculosis - Micobacteriosis Micosis pulmonares Enfermedad respiratoria en el inmunocomprometido Malformaciones congenitas Broncopulmonares Enfermedades de las vias aereas Bronquiolitis Asma Enfermedad pulmonar obstructiva cronica Síndrome de hipoventilación alveolar y trastornos respiratorios relacionados con el sueño Alteraciones funcionales y estructurales de los musculos respiratorios Enfermedades respiratorias y el ambiente Enfermedad pulmonar intersticial e infiltrativa difusa del pulmon Trastornos circulatorios del pulmón Enfermedades pulmonares relacionadas con la altura Insuficiencia respiratoria aguda Síndrome de dificultad respiratoria aguda Tumores del pulmon Enfermedades sistemicas Enfermedades de la pleura Enfermedades del mediastino, diafragma y pared del torax Trasplante pulmonar Terapia respiratoria - Oxigenoterapia Rehabilitación respiratoria
650 1 4 _aNEUMOLOGIA
942 _2ddc
_cBK
999 _c25598
_d25598